| 000 | 00667nam a2200253Ia 4500 | ||
|---|---|---|---|
| 003 | OSt | ||
| 005 | 20221005122051.0 | ||
| 006 | a|||||r|||| 00| 0 | ||
| 007 | ta | ||
| 008 | 221004b |||||||| |||| 00| 0 eng d | ||
| 024 | _a67589 | ||
| 037 | _cTextual | ||
| 040 |
_aCRL _cCRL _beng |
||
| 041 |
_2eng _aeng |
||
| 082 | _aX1:964Z2q:N47, J8 | ||
| 110 | _aIndia. Labour (Ministry of) | ||
| 245 | 0 | _aIndustrial disputes act, 1947 | |
| 260 | _c1950 | ||
| 490 | _aAs modified up to the 1st June; 1958 | ||
| 650 | _aECONOMICS | ||
| 700 | _aIndia. Labour (Ministry of) | ||
| 942 |
_hX1:964Z2q:N47, J8 _cTEXL _2cc |
||
| 999 |
_c1043167 _d1043167 |
||